Statistics for F1 Drivers By Last Names (All A's)

Click here to take the quiz!

General Stats

  • This quiz has been taken 17 times
  • The average score is 6 of 43

Answer Stats

First InitialLast Name% Correct
F.Alonso
86%
A.Albon
57%
M.Andretti
57%
M.Andretti
57%
E. deAngelis
57%
A.Ascari
57%
R.Arnoux
36%
M.Alboreto
29%
J.Alesi
29%
J.Alguersuari
29%
C.Amon
21%
A. deAdamich
14%
C.Albers
14%
K.Acheson
7%
P.Adams
7%
K.Adolff
7%
K.Ahrens
7%
J.Aitken
7%
P.Alliot
7%
C.Allison
7%
B.Anderson
7%
C.Andersson
7%
M.Apicella
7%
P.Ashdown
7%
I.Ashley
7%
B.Aston
7%
R.Attwood
7%
C.Abate
0%
G.Abecassis
0%
W.Ader
0%
F.Agabashian
0%
M.Alborghetti
0%
G.Amati
0%
R.Amick
0%
G.Amick
0%
E.Andres
0%
K.Andrews
0%
M. deAraujo Cabral
0%
F.Armi
0%
C.Arnold
0%
P.Arundell
0%
G.Ashmore
0%
M.Ayulo
0%

Score Distribution

Percentile by Number Answered

Percent of People with Each Score

Your Score History

You have not taken this quiz